00423nam a2200181Ia 4500008004100000020001800041050001400059100001800073245002900091245002100120260001500141260001600156260000900172300001500181300002700196300001000223500000800233170918s9999 xx 000 0 und d a9780590061984 bL797 1972 aLobel, Arnold aFrog and toad together / cby Arnold Lobel. aNew York : bScholastic, c1972 a64 pages : bcolored illustration ; c23cm. a330